01074 2200313 4500001002100000005001500021035002000036008004100056100001700097245010300114300003700217020002200254082001300276084002200289090001200311250001500323264003600338336002100374337003000395338002300425490002600448520012800474650004200602700003700644700002900681990001800710990001600728990001600744INLIS00000000001759220240827090119 a0010-0619017592240827 a 1 ind  aEka Wardhana1 aAku bisa makan sendiri /cEka Wardhana; penyunting, Ana Puspita Dewiyana; ilustrator, Ade Prihatna a28 halaman :bilustrasi ;c18 cm a978-979-26-9348-5 a899.2213 aSR 899.2213 EKA a 99.221.3 aCetakan 12 aBandung :bPelangi Mizan,c2022 2rdacontentaTeks 2rdamediaaTanpa perantara 2rdacarrieraVolume aHalo balita selp help abuku ini berguna bagi orang tua untuk melatih anaknya untuk menynangi dan mampu makan sendiri dengan berbagai macam makanan 4aFiksi Indonesia -- Bacaan kanak-kanak0 aAna Puspita Dewiyanaepenyunting0 aAde Prihatnaeilustrator a022251.036418 a53246.66066 a53247.66067